000 00576nam a2200193 i 4500
001 26752
003 ES-MaACL
005 20251019063038.0
007 t|
008 030110s1871 gw ||||1| eng d
100 1 _aAusten, Jane,
_d1775-1817
_9242382
245 1 0 _aNorthanger abbey and persuasion /
_cby Jane Austen.
260 _aLeipzig :
_bBeruhard Tauchnit,
_c1871.
300 _a1 v.
490 1 _aCollection of British authors ;
_v1176
830 0 _aCollection of British authors ;
_v1176
_9180703
852 _aES-MaACL
_jG-12167
999 _c26752
_d26752